History Quiz

Random History or Nation Quiz

Countries of the Spanish Empire Quiz Stats

 Plays Quiz Updated Aug 21, 2018

Challenge
Share
Tweet
Embed
Score 0/50 Timer 12:00
1 Play Today
Years In Empire Modern Country % Correct
1519-1821Mexico
95.9%
1536-1816Argentina
92.3%
1565-1821United States
91.3%
1137-1678France
90.5%
1541-1826Chile
89.9%
1535-1821Peru
87.4%
1511-1899Cuba
86.6%
1282-1802Italy
86.6%
1777-1778Brazil
86.3%
1520-1821Colombia
84.4%
1501-1821Panama
83.7%
1535-1813Paraguay
83.1%
1705-1818Uruguay
82.5%
1479-presentSpain
81.6%
1512-1811Venezuela
81.5%
1478-1976Morocco
79.3%
1543-1703Germany
77.7%
1548-1825Bolivia
77.1%
1532-1820Ecuador
76.4%
1528-1821Honduras
76.3%
1798Canada
74.8%
1568-1821Costa Rica
74.6%
1492-1697Haiti
74.3%
1523-1821Guatemala
74%
1524-1821El Salvador
73.2%
Years In Empire Modern Country % Correct
1522-1821Nicaragua
72.6%
1492-1863Dominican Republic
71.8%
1524-1749Belize
71.4%
1499-1648The Netherlands
69%
1396-1513Andorra
66.9%
1556-1714Belgium
66.2%
1509-1655Jamaica
66.1%
1509-1792Algeria
64.9%
1492-1783The Bahamas
61.6%
1510-1530Libya
59.9%
1535-1574Tunisia
59.4%
1565-1898Philippines
58.3%
1311-1390Greece
58.1%
1498-1797Trinidad and Tobago
53.9%
1457-1713Luxembourg
49.3%
1282-1530Malta
48.1%
1629St Kitts and Nevis
45.6%
1606-1663Indonesia
42.1%
1778-1968Equatorial Guinea
25.7%
1376-1392Albania
25.1%
1626-1642Taiwan
17.8%
1528-1899Micronesia
16.8%
1526-1885Marshall Islands
16.5%
1886-1899Palau
15.4%
1578Brunei
12.3%

You're not logged in!

Compare scores with friends on all Sporcle quizzes.
OR
Log In

You Might Also Like...

Show Comments

Extras

Top Quizzes Today


Score Distribution

Your Account Isn't Verified!

In order to create a playlist on Sporcle, you need to verify the email address you used during registration. Go to your Sporcle Settings to finish the process.

Report this User

Report this user for behavior that violates our Community Guidelines.

Details: